00654 a2200217 450000500170000000800410001701000140005802000230007203500130009503700150010804000180012308200100014110000180015124500820016925000270025126000350027827000390031330000350035265000270038770000220041420080826152110.0080826t xxu||||| |||| 00| 0 eng d aENG-90927 a8180546462c235.00 aEN-74460 bDBAD / PUB aDPLbEnglish  a651.7 aRajendra Pal  aEssentials of business communication /cby Rajendra Pal [and] J.S. Korlahalli a11th rev. and enl. ed. aNew DelhibSultan Chandc2008 a23, DaryaganjbNew Delhie110 002 aVarious pagings c24 cm (pbk) aBusiness communication aKorlahalli, J.S.